| 000 | 00518cam a22001457a 4500 | ||
|---|---|---|---|
| 008 | 180718b1971 xxu||||| |||| 00| 0 eng d | ||
| 082 | _aB12 C234 | ||
| 100 | _aCarrier, Norman | ||
| 245 |
_aDemographic estimation for devoloping socities: a manual of techniques for the detection and reduction of errors in demo _cby Norman Carrier and John Hobcraft |
||
| 260 |
_aLondon _bPopulation Investigation Committee _c1971 |
||
| 300 | _av, 204p | ||
| 650 | _aHobcraft, John | ||
| 650 | _aDemography | ||
| 700 | _aHobcraft, John | ||
| 999 |
_c408130 _d408130 |
||